UK Timber Frame Association (Record no. 120941)

MARC details
000 -LEADER
fixed length control field 01170cai a22002055a 4500
001 - CONTROL NUMBER
control field L154676
008 - FIXED-LENGTH DATA ELEMENTS--GENERAL INFORMATION
fixed length control field 120112u xxk f 000 0 eng d
035 ## - SYSTEM CONTROL NUMBER
System control number (Sirsi) u154676
041 0# - LANGUAGE CODE
Language code of text/sound track or separate title eng
110 2# - MAIN ENTRY--CORPORATE NAME
Corporate name or jurisdiction name as entry element UK Timber Frame Association
9 (RLIN) 5010
245 00 - TITLE STATEMENT
Title UK Timber Frame Association
Remainder of title fire risk management
Medium [electronic resource]
260 ## - PUBLICATION, DISTRIBUTION, ETC.
Place of publication, distribution, etc. [S.l.]
Name of publisher, distributor, etc. UKTFA
Date of publication, distribution, etc. [2011?]
520 ## - SUMMARY, ETC.
Summary, etc. The UKTFA has developed the 'Design guide to separating distances for buildings during construction'. This guidance is applicable to developments in excess of 600m2 total floor area to enable the safe building of timber frame structures, in any location, relative to the fire risk during construction. This Guidance to separating distances is formed in three parts and the UKTFA has also provided a Risk Assessment Check list to support users in its application. It comprises a 20 minute film and a set of downloadable pdfs.
590 ## - LOCAL NOTE (RLIN)
Local note KA NTK
651 #4 - SUBJECT ADDED ENTRY--GEOGRAPHIC NAME
Geographic name United Kingdom
Chronological subdivision 1973-
690 ## - LOCAL SUBJECT ADDED ENTRY--TOPICAL TERM (OCLC, RLIN)
Topical term or geographic name as entry element Design and specification
690 ## - LOCAL SUBJECT ADDED ENTRY--TOPICAL TERM (OCLC, RLIN)
Topical term or geographic name as entry element Health and safety
9 (RLIN) 6244
856 40 - ELECTRONIC LOCATION AND ACCESS
Uniform Resource Identifier <a href="https://uktfa.com/fireriskmanagement/">https://uktfa.com/fireriskmanagement/</a>
Public note View the website and download the pdfs at www.uktfa.com/
942 ## - ADDED ENTRY ELEMENTS (KOHA)
Suppress in OPAC 0
Holdings
Withdrawn status Lost status Source of classification or shelving scheme Damaged status Not for loan Home library Current library Shelving location Date acquired Total Checkouts Full call number Barcode Date last seen Copy number Price effective from Koha item type
    Dewey Decimal Classification     Virtual Virtual Online 12/01/2012   WEBSITE 154676-2001 06/08/2019 1 06/08/2019 Online material